Chăm sóc sức khoẻ cộng đồng : Phúc lợi, lựa chọn, và đoàn kết trong chuyển đổi. Cải cách khu vực y tế ở Đông Âu = Welfare, choice and solidarity in transition : reforming the health sector in Eastern Europe / Kornai János, Karen Eggleston ; Nguyễn Quang A dịch.

Na minha lista:
Detalhes bibliográficos
Formato: Livro
Idioma:English
Publicado em: Văn hoá thông tin 2002
Assuntos:
Tags: Adicionar Tag
Sem tags, seja o primeiro a adicionar uma tag!
Thư viện lưu trữ: Mạng thư viện Đại học Đà Nẵng
LEADER 01639cam a22003131a 4500
001 000035619
003 11906
005 20160319000000.0
008 160318s2002 vm 000 eng
041 |a eng 
082 |a 362.04  |b JA-K 
245 |a Chăm sóc sức khoẻ cộng đồng : Phúc lợi, lựa chọn, và đoàn kết trong chuyển đổi. Cải cách khu vực y tế ở Đông Âu = Welfare, choice and solidarity in transition : reforming the health sector in Eastern Europe / Kornai János, Karen Eggleston ; Nguyễn Quang A dịch.  |c János, Kornai 
260 |a Văn hoá thông tin  |c 2002 
300 |a 386tr . : mh ; 20cm 
650 |a Chăm sóc sức khoẻ cộng đồng : Phúc lợi, lựa chọn, và đoàn kết trong chuyển đổi. Cải cách khu vực y tế ở Đông Âu = Welfare, choice and solidarity in transition : reforming the health sector in Eastern Europe , Kornai János, Karen Eggleston ; Nguyễn Quang A dịch. 
852 |b Chuyên đề  |c Sách tham khảo 
OWN |a LNN 
AVA |a UDN50  |b LNN  |d 362.04 JA-K  |e available  |t Error 5001 Not defined in file expand_doc_bib_avail.  |f 1  |g 0  |h N  |i 0  |k 1 
999 |a From the UDN01 
AVA |a UDN50  |b LNN  |d 362.04 JA-K  |e available  |t Error 5001 Not defined in file expand_doc_bib_avail.  |f 1  |g 0  |h N  |i 0  |k 1 
TYP |a Monograph 
TYP |a Printed language 
980 |a Mạng thư viện Đại học Đà Nẵng